Star Wars - vrcholná republika. Světlo rytířů Jedi /
Zlatý věk rozkvětu naruší temné události. Sci-fi román ze světa Star Wars.
Uloženo v:
| Série: | Star Wars - vrcholná republika,
část 1 |
|---|---|
| Hlavní autor: | |
| Další autoři: | |
| Médium: | E-kniha |
| Jazyk: | Czech |
| Vydáno: |
V Praze :
Egmont,
2021
|
| Vydání: | První vydání |
| Témata: | |
| Příbuzné jednotky: | Z cyklu::
Star Wars - vrcholná republika |
| Tagy: |
Žádné tagy |
| LEADER | 02643nam a2200517 i 4500 | ||
|---|---|---|---|
| 001 | 311372 | ||
| 003 | CZ PrSKC | ||
| 005 | 20260601215704.0 | ||
| 007 | ta | ||
| 008 | 210723s2021 xr j 000 f cze | ||
| 015 | |a cnb003344770 | ||
| 020 | |a 9788025249284 |q (brožováno) : |c Kč 349,00 | ||
| 035 | |a (OCoLC)1274108806 | ||
| 040 | |a ABG001 |b cze |d ABA001 |e rda | ||
| 041 | 1 | |a cze |h eng | |
| 072 | 7 | |a 821.111(73)-3 |x Americká próza |2 Konspekt | |
| 072 | 7 | |a 821-93 |x Literatura pro děti a mládež (beletrie) |2 Konspekt | |
| 080 | |a 821.111(73)-31 |2 MRF | ||
| 080 | |a 821-93 |2 MRF | ||
| 080 | |a (0:82-311.9) |2 MRF | ||
| 100 | 1 | |a Soule, Charles |7 xx0229834 |4 aut | |
| 240 | 1 | 0 | |a Light of the Jedi. |l Česky |
| 245 | 1 | 0 | |a Star Wars - vrcholná republika. |p Světlo rytířů Jedi / |c Charles Soule ; z anglického originálu Star Wars: the high republic - Light of the Jedi přeložil Lukáš Potužník |
| 246 | 3 | 0 | |a Světlo rytířů Jedi |
| 250 | |a První vydání | ||
| 264 | 1 | |a V Praze : |b Egmont, |c 2021 | |
| 300 | |a 352 stran ; |c 20 cm | ||
| 336 | |a text |b txt |2 rdacontent | ||
| 337 | |a bez média |b n |2 rdamedia | ||
| 338 | |a svazek |b nc |2 rdacarrier | ||
| 520 | 2 | |a Zlatý věk rozkvětu naruší temné události. Sci-fi román ze světa Star Wars. |b Dlouho před Prvním řádem, před Impériem, před klonovými válkami je Republika na svém vrcholu a Jediové osvětlují novou cestu pro celou galaxii. Za hranicemi Republiky však roste smrtelné nebezpečí. Hrozba se skrývá v temnotě, daleko od světla, a živí v sobě tajemství, které dokáže zasít strach i do srdcí Jediů. Nakladatelská anotace. | |
| 521 | 8 | |a Pro čtenáře od 12 let | |
| 655 | 7 | |a americké romány |7 fd131796 |2 czenas | |
| 655 | 7 | |a vědecko-fantastické romány |7 fd133847 |2 czenas | |
| 655 | 7 | |a publikace pro děti |7 fd133156 |2 czenas | |
| 655 | 9 | |a American fiction |2 eczenas | |
| 655 | 9 | |a science fiction novels |2 eczenas | |
| 655 | 9 | |a children's literature |2 eczenas | |
| 700 | 1 | |a Potužník, Lukáš |7 xx0276333 |4 trl | |
| 787 | 0 | 8 | |i Z cyklu: |t Star Wars - vrcholná republika |g 1 |
| 900 | |a ABA001 |b 20 | ||
| 928 | 9 | |a Albatros Media - Egmont | |
| 044 | |a xr | ||
| 910 | |a RBIT002 | ||
| 998 | |d 332297 |a https://core.palmknihy.cz/api/books/332297/cover?si8ffe |b https://core.palmknihy.cz/api/books/332297/cover/400?si8ffe |c https://core.palmknihy.cz/api/books/332297/cover/50?si8ffe |e 2026-12-31 |g 360 |i 9788025249284 |j https://core.palmknihy.cz/api/books/332297/preview.epub |k https://core.palmknihy.cz/api/books/332297/preview.pdf |l |q 49 |r 1 |s https://www.palmknihy.cz/kniha/332297 |t ebook |y 2021 |z 0 |v Star Wars - Vrcholná Republika |w 1 | ||
| 999 | |d 311370 | ||